000 00529nam a2200181Ia 4500
003 OSt
005 20200814100030.0
008 190216s9999||||xx |||||||||||||| ||und||
020 _a0070992908
040 _coclc
082 _a547.16
_bELI/S
100 _aEliel, Ernest L
_94113
245 0 _aStereochemistry Of Carbon Compounds /
_cErnest L Eliel
260 _bTata Mcgrawhill Publishers,
_c1975.
_aNew Delhi:
300 _a486p
650 _aChemistry
942 _cBK
_2ddc
_h547.16
_iELI/S
_k547.16
_mELI/S
999 _c2917
_d2917